LIBRARY & INFORMATION CENTRE, KCAET, TAVANUR

ONLINE PUBLIC ACCESS CATALOGUE (OPAC)

Environmental Science and Management (Record no. 14723)

MARC details
000 -LEADER
fixed length control field 00291nam a22001217a 4500
020 ## - INTERNATIONAL STANDARD BOOK NUMBER
ISBN 9788130924908
082 ## - DEWEY DECIMAL CLASSIFICATION NUMBER
Classification number 628.
Item number MAL/EN
100 ## - MAIN ENTRY--AUTHOR NAME
Personal name Mallick, Abhijith
245 ## - TITLE STATEMENT
Title Environmental Science and Management
260 ## - PUBLICATION, DISTRIBUTION, ETC. (IMPRINT)
Place of publication New Delhi
Name of publisher Viva Books
Year of publication 2014
300 ## - PHYSICAL DESCRIPTION
Number of Pages 249
942 ## - ADDED ENTRY ELEMENTS (KOHA)
Koha item type Book Bank scheme for SC students
Holdings
Withdrawn status Lost status Damaged status Collection code Home library Current library Shelving location Date acquired Source of acquisition Cost, normal purchase price Full call number Accession Number Koha item type
        KAUAET KAUAET Scheme 23/08/2016 Calicut Book Daistributors, Calicut. 325.00 628. MAL/EN BB 268 Book Bank scheme for SC students
free website counter